Kraje zaciemnione - mapa świata #3 - Statystyki

Ogólne statystyki
  • Ten quiz został rozwiązany 221 razy
  • Średni wynik to 18 z 21
Odpowiedzi na mapie
Odpowiedzi zakodowano w zielono-czerwonej skali na mapie do tego quizu, zgodnie z poniższymi procentami.
 
Statystyki odpowiedzi
Kraj % Poprawnych
Norwegia
98%
Wielka Brytania
97%
Islandia
96%
Peru
96%
Szwecja
95%
Brazylia
93%
Kolumbia
93%
Chiny
91%
Dania
89%
Wenezuela
89%
Ekwador
88%
Filipiny
87%
Boliwia
86%
Etiopia
84%
Jemen
84%
Somalia
84%
Gujana
82%
Surinam
82%
Erytrea
78%
Tajwan
78%
Dżibuti
70%
Nie znaleziono quizów pasujących do podanych kryteriów
Rozkład punktacji
Procent ludzi z każdym wynikiem
Percentyl według liczby udzielonych odpowiedzi
Twoja historia wyników
Nie rozwiązałeś tego quizu